[Event "Recife Arraes Memorial 6th"]
[Site "Recife"]
[Date "2013.06.07"]
[Round "2"]
[White "De Barros E Silva, Byron Veras"]
[Black "Souza, Marcos Valerio"]
[Result "0-1"]
[WhiteElo "1892"]
[BlackElo "2040"]
[PlyCount "58"]
[EventDate "2013.06.06"]
[EventType "swiss"]
[EventRounds "7"]
[EventCountry "BRA"]
[SourceTitle "EXT 2014"]
[Source "ChessBase"]
[SourceDate "2013.11.20"]
[SourceVersion "1"]
[SourceVersionDate "2013.11.20"]
[SourceQuality "1"]

1. f4 Nf6 2. Nf3 g6 3. e3 Bg7 4. Be2 0-0 5. 0-0 c5 6. c3 b6 7. d4 Bb7 8. Nbd2 d6 9. Bd3 Nc6 10. h3 e5 11. f5 Re8 12. fxg6 hxg6 13. Qc2 cxd4 14. exd4 exd4 15. Nb3 dxc3 16. bxc3 Rc8 17. a3 Nd5 18. Bg5 Qc7 19. Bd2 Ne5 20. Be4 f5 21. Bxd5+ Bxd5 22. Nfd4 Nc4 23. Bf4 Ne3 24. Bxe3 Rxe3 25. Qd2 Qxc3 26. Rac1 Qxd2 27. Rxc8+ Kh7 28. Nxd2 Bxd4 29. Kh1 Rxh3# 0-1

[Event "Joao Pessoa Veteranos Nordeste 2nd"]
[Site "Joao Pessoa"]
[Date "2011.11.05"]
[Round "2.1"]
[White "Souza, Marcos Valerio"]
[Black "De Barros E Silva, Byron Veras"]
[Result "1-0"]
[WhiteElo "2005"]
[BlackElo "1867"]
[PlyCount "75"]
[EventDate "2011.11.04"]
[EventType "swiss"]
[EventRounds "5"]
[EventCountry "BRA"]
[SourceTitle "EXT 2022"]
[Source "ChessBase"]
[SourceDate "2021.10.06"]
[SourceVersion "1"]
[SourceVersionDate "2021.10.06"]
[SourceQuality "1"]

1. e4 c5 2. Nf3 Nc6 3. d4 e6 4. d5 Nce7 5. d6 Nc6 6. Nc3 a6 7. Be3 Qa5 8. Qd2 g6 9. Be2 Bg7 10. 0-0 Nf6 11. h3 0-0 12. Nh2 Qb4 13. a3 Qa5 14. g4 Ne8 15. f4 Bd4 16. Nf3 Bxe3+ 17. Qxe3 Nxd6 18. e5 Ne8 19. Ne4 b6 20. g5 d5 21. Nf6+ Nxf6 22. gxf6 c4 23. c3 Qc5 24. Nd4 Nxd4 25. cxd4 Qb5 26. b4 Rd8 27. Qg3 Qe8 28. h4 Qf8 29. h5 Kh8 30. Kf2 Bd7 31. Rh1 Ba4 32. hxg6 fxg6 33. Qxg6 Qg8 34. Rxh7+ Qxh7 35. Rh1 Rd7 36. Rxh7+ Rxh7 37. f7 Rg7 38. Qh6+ 1-0

[Event "BRA-ch sf"]
[Site "Recife"]
[Date "2010.10.31"]
[Round "4"]
[White "De Barros E Silva, Byron Veras"]
[Black "Lima Neto, Pedro"]
[Result "0-1"]
[WhiteElo "1867"]
[BlackElo "2053"]
[PlyCount "68"]
[EventDate "2010.10.30"]
[EventType "swiss"]
[EventRounds "7"]
[EventCountry "BRA"]
[SourceTitle "EXT 2011"]
[Source "ChessBase"]
[SourceDate "2010.11.26"]
[SourceVersion "1"]
[SourceVersionDate "2010.11.26"]
[SourceQuality "1"]

1. f4 d5 2. Nf3 g6 3. e3 Bg7 4. Be2 Nf6 5. 0-0 0-0 6. d3 c5 7. c3 b6 8. Kh1 Bb7 9. d4 Nc6 10. Ng1 Rc8 11. Bf3 Qc7 12. a3 Rfd8 13. Bd2 Ne4 14. Bxe4 dxe4 15. Be1 Na5 16. Nd2 Ba6 17. Rf2 f5 18. g4 cxd4 19. cxd4 Qc2 20. b4 Nb7 21. gxf5 Qxd1 22. Rxd1 gxf5 23. Nb1 Nd6 24. Rg2 Nc4 25. Rg3 Kf7 26. Rc1 Nxe3 27. Rxc8 Rxc8 28. Rxe3 Rc1 29. Nc3 Bxd4 30. Bd2 Bxe3 31. Bxc1 Bxc1 32. Nh3 Bxa3 33. Nd5 h6 34. Nc7 Bc4 0-1